1980's Most Played Songs on Spotify - Statistics

General Stats
  • This quiz has been taken 142 times
  • The average score is 25 of 50
Answer Stats
Artist Song % Correct
Toto Africa
90%
a-ha Take On Me
90%
Michael Jackson Billie Jean
86%
Journey Don't Stop Believin'
81%
The Police Every Breath You Take
80%
Survivor Eye Of The Tiger
75%
Guns N' Roses Sweet Child O' Mine
74%
Queen & David Bowie Under Pressure
72%
Tears For Fears Everybody Wants To Rule The World
71%
Cyndi Lauper Girls Just Want To Have Fun
71%
Rick Astley Never Gonna Give You Up
70%
Bon Jovi Livin' On A Prayer
67%
George Michael Careless Whisper
64%
Van Halen Jump
63%
Eurythmics Sweet Dreams (Are Made Of This)
63%
Tracy Chapman Fast Car
61%
AC/DC Back In Black
60%
Michael Jackson Beat It
60%
Wham! Wake Me Up Before You Go-Go
60%
Guns N' Roses Welcome To The Jungle
57%
Bryan Adams Summer of '69
55%
Kate Bush Running Up That Hill (A Deal With God)
52%
Wham! Last Christmas
51%
Whitney Houston I Wanna Dance With Somebody (Who Loves Me)
50%
Guns N' Roses Paradise City
49%
Men At Work Down Under
48%
Bonnie Tyler Total Eclipse Of The Heart
48%
Soft Cell Tainted Love
47%
Kenny Loggins Footloose
44%
U2 With Or Without You
44%
The Proclaimers I'm Gonna Be (500 Miles)
41%
Cyndi Lauper Time After Time
41%
Billy Joel Uptown Girl
41%
Queen Another One Bites The Dust
40%
Katrina & The Waves Walking On Sunshine
39%
Simple Minds Don't You (Forget About Me)
38%
Michael Jackson Smooth Criminal
37%
Bon Jovi You Give Love A Bad Name
37%
Elton John I'm Still Standing
35%
Bruce Springsteen Dancing In The Dark
34%
Foreigner I Want To Know What Love Is
34%
AC/DC You Shook Me All Night Long
33%
The Clash Should I Stay Or Should I Go
32%
Metallica Master Of Puppets
29%
The Outfield Your Love
28%
Daryl Hall & John Oates You Make My Dreams (Come True)
24%
Pixies Where Is My Mind?
23%
U2 I Still Haven't Found What I'm Looking For
21%
Fleetwood Mac Everywhere
16%
Bob Marley & The Wailers Could You Be Loved
12%
No matching quizzes found
Score Distribution
Percent of People with Each Score
Percentile by Number Answered
Your Score History
You have not taken this quiz